LEADER 01082nam a2200289 u 4500 001 000000028282 003 CaOOAMICUS 005 20070226111802.0 008 960604s1995 it u000 u ita u 020 $a8830412775 035 $a10733339 040 $aEFR$bita$dPUL(R) 100 1 $aMagli, Ida.$0(OLS)http://pul/name/10112 245 10$aStoria laica delle donne religiose /$cdi Ida Magli. 260 $aMilano :$bLonganesi & c.,$cc1995. 300 $a327 p. ;$c21 cm 490 1 $aIl Cammeo ;$v294 500 $aIndex: p. [317]-327. 650 4$aDonna$xStoria.$0(OLS)http://pul/subject/16315 830 3$aIl Cammeo ;$v294.$0(OLS)http://pul/title/38628 850 $aPUL 852 $aPUL$W1$xSL Filosofia 1$y2$m115 F 51$j39294$nBK-PRI$b $qStampati$B39294$CPULBib$Z2$F39294 $H $81 941 1 $a8 961 $aINV: 73219 996 $6020$a8830412775$9(OLS)http://pul/number/35107 996 $6245$aStoria laica delle donne religiose$9(OLS)http://pul/title/38627 996 $6260$aMilano :$bLonganesi & c.$9(OLS)http://pul/publisher/76770 LEADER 01412nam a2200289 a 4500 001 000000162972 003 CaOOAMICUS 005 20170929090518.0 008 170929s1998 it m 001 u por r 032 $aLibriCat 040 $aPUL$bita 100 1 $aSilva, Márcio Bolda da.$0(OLS)http://pul/name/104643 245 12$aA filosofia da libertação :$ba partir do contexto histórico-social da América Latina /$cMárcio Bolda da Silva. 260 $aRoma :$bPontificia Università Gregoriana,$c1998. 300 $a344 p. ;$c24 cm. 490 1 $aTesi Gregoriana. Serie filosofia ;$v10 502 $aTesi -- Pontificia Universitas Gregoriana. Facultas philosophiae. 1998. 504 $aBibliografia in nota. 650 4$aLibertà (filosofia).$0(OLS)http://pul/subject/9862 710 2 $aPontificia Università Gregoriana.$bFacoltà di filosofia.$kTesi.$0(OLS)http://pul/name/82053 830 0$aTesi Gregoriana.$pSerie filosofia ;$v10.$0(OLS)http://pul/title/67211 850 $aPUL 852 $aPUL$W1$xDP1 Tesi Pon. Univ. Gregoriana$y40$mTH PUG 4530$j186978$qTesi$B190198$CPULBib$Z2$F190198 $H83835 $82 941 1 $a16 996 $6245$aA filosofia da libertação :$ba partir do contexto histórico-social da América Latina$9(OLS)http://pul/title/202717 996 $6260$aRoma :$bPontificia Università Gregoriana$9(OLS)http://pul/publisher/47853